[Event "ICS rated blitz match"]
[Site "204.178.125.65"]
[Date "1999.09.06"]
[Round "?"]
[White "Hossa"]
[Black "brutus"]
[Result "1-0"]
[WhiteElo "2541"]
[BlackElo "2078"]
[PlyCount "47"]
[EventDate "1999.??.??"]

1. d4 Nf6 2. c4 g6 3. Nc3 d5 4. cxd5 Nxd5 5. e4 Nxc3 6. bxc3 Bg7 7. Bb5+ c6 8.
Bc4 b5 9. Bb3 a6 10. Ne2 O-O 11. Bg5 Bb7 12. O-O Nd7 13. f3 c5 14. Qd2 cxd4 15.
cxd4 Nb6 16. Bh6 Qd7 17. Rac1 Rfc8 18. Bxg7 Kxg7 19. Qf4 Rxc1 20. Qxf7+ Kh8 21.
Rxc1 Rc8 22. Rxc8+ Qxc8 23. Qxe7 Nc4 24. Nf4 {brutus resigns} 1-0

[Event "ICS rated blitz match"]
[Site "204.178.125.65"]
[Date "1999.09.12"]
[Round "?"]
[White "Hossa"]
[Black "brutus"]
[Result "1-0"]
[WhiteElo "2432"]
[BlackElo "2117"]
[PlyCount "43"]
[EventDate "1999.??.??"]

1. e4 e6 2. d4 d5 3. e5 c5 4. c3 Bd7 5. Nd2 Qb6 6. Ne2 Nc6 7. Nb3 cxd4 8. cxd4
a5 9. a4 Bb4+ 10. Nc3 Nge7 11. Bb5 Nf5 12. Bxc6 Bxc6 13. O-O O-O 14. Bg5 h6 15.
Bf4 Qd8 16. Ne2 Qh4 17. Bd2 Bxd2 18. Qxd2 Qg4 19. f3 Qh4 20. Nxa5 Nxd4 21. Nxd4
Rxa5 22. Nxc6 {brutus resigns} 1-0

[Event "ICS rated blitz match"]
[Site "204.178.125.65"]
[Date "1999.09.18"]
[Round "?"]
[White "Hossa"]
[Black "brutus"]
[Result "1-0"]
[WhiteElo "2568"]
[BlackElo "2116"]
[PlyCount "111"]
[EventDate "1999.??.??"]

1. e4 e6 2. d4 d5 3. Nc3 Nf6 4. e5 Nfd7 5. Nf3 c5 6. Bg5 Qb6 7. Bb5 a6 8. Bxd7+
Bxd7 9. Rb1 cxd4 10. Qxd4 Qxd4 11. Nxd4 Nc6 12. Nxc6 Bxc6 13. Be3 Bb4 14. Bd4
O-O 15. f4 Rfc8 16. Kf2 Bxc3 17. Bxc3 Bb5 18. Rbd1 Rc4 19. g3 Rac8 20. Rd2 g6
21. Rhd1 R4c7 22. h4 h5 23. Rd4 Rc4 24. Rxc4 Rxc4 25. Rd2 Kg7 26. Bd4 Rc8 27.
b3 a5 28. a4 Bc6 29. Bb6 Ra8 30. Ke3 Kf8 31. Kd4 Ke7 32. c3 Ra6 33. Kc5 Ra8 34.
Rd3 Ra6 35. Rd1 Ra8 36. Kd4 Ra6 37. Bc5+ Ke8 38. Rd3 Ra8 39. Bb6 Ra6 40. Bc7
Kd7 41. Bd6 Ra8 42. Kc5 Ra6 43. Bf8 Ke8 44. Bg7 Ke7 45. c4 Ra8 46. Kb6 dxc4 47.
bxc4 Ke8 48. Kc7 Be4 49. Re3 Bc6 50. Bf6 Bg2 51. Rb3 Bc6 52. Rxb7 Bxb7 53. Kxb7
Rd8 54. Bxd8 Kxd8 55. c5 Kd7 56. c6+ {brutus resigns} 1-0

[Event "ICS rated blitz match"]
[Site "204.178.125.65"]
[Date "1999.09.01"]
[Round "?"]
[White "Hossa"]
[Black "brutus"]
[Result "1-0"]
[WhiteElo "2505"]
[BlackElo "2104"]
[PlyCount "63"]
[EventDate "1999.??.??"]

1. e4 e6 2. d4 d5 3. Nc3 Nf6 4. e5 Nfd7 5. f4 c5 6. Nf3 Nc6 7. Bb5 a6 8. Bxc6
bxc6 9. O-O cxd4 10. Nxd4 c5 11. Nf3 g6 12. Ne2 Bb7 13. Rb1 Be7 14. f5 gxf5 15.
Bh6 Rg8 16. Ng3 Qc7 17. Qe1 Rg6 18. Bd2 Qc6 19. c4 d4 20. b4 cxb4 21. Bxb4 Nc5
22. a3 O-O-O 23. Ba5 Rdg8 24. Rb6 Qa4 25. Nxd4 h5 26. Qb4 Qxb4 27. axb4 h4 28.
Nc6 Bf8 29. Rd1 Nd7 30. Rxb7 Kxb7 31. Rxd7+ Kc8 32. Rc7# {brutus checkmated}
1-0

[Event "ICS rated blitz match"]
[Site "204.178.125.65"]
[Date "1999.10.05"]
[Round "?"]
[White "Hossa"]
[Black "brutus"]
[Result "1-0"]
[WhiteElo "2449"]
[BlackElo "2182"]
[PlyCount "165"]
[EventDate "1999.??.??"]

1. d4 Nf6 2. c4 g6 3. Nc3 d5 4. cxd5 Nxd5 5. e4 Nxc3 6. bxc3 Bg7 7. Nf3 O-O 8.
Ba3 b6 9. Bc4 Bb7 10. Qe2 Nd7 11. O-O c5 12. Rac1 Qc7 13. Qe3 Rac8 14. Rfd1 e5
15. d5 Qd6 16. Bb5 Nf6 17. Bd3 Ne8 18. c4 Qd7 19. Bb2 f6 20. Be2 Nd6 21. a3
Rce8 22. Nd2 f5 23. Bf1 f4 24. Qf3 g5 25. Be2 Bc8 26. Qh5 Bf6 27. Qh6 Kh8 28.
Bh5 Rd8 29. Bg6 Qg7 30. Qxg7+ Kxg7 31. Bh5 g4 32. f3 gxf3 33. Bxf3 Ba6 34. Rc3
Kf7 35. a4 Bc8 36. Rf1 Ke7 37. Bh5 Bd7 38. Ra3 Rb8 39. Be2 Rg8 40. Kh1 Nf7 41.
Bd1 Kd6 42. g3 Bg5 43. Bh5 Nh6 44. Nf3 fxg3 45. Bxe5+ Ke7 46. Bxg3 Rbf8 47. Re1
Bf4 48. Bh4+ Kd6 49. e5+ Kc7 50. e6 Be8 51. Bxe8 Rxe8 52. Rd3 Kd6 53. Re4 Rgf8
54. e7 Rf7 55. Rxf4 Rxf4 56. Bg3 Rxe7 57. Bxf4+ Kd7 58. Bxh6 Re2 59. Bd2 Kd6
60. Re3 Rxe3 61. Bxe3 a6 62. Bf4+ Kd7 63. Ne5+ Ke7 64. Kg2 Kd6 65. Ng6+ Kd7 66.
Nf8+ Ke7 67. Nxh7 Kd7 68. Kf3 Ke7 69. Be3 Kd7 70. Nf6+ Ke7 71. Bg5 Kd6 72. Ke4
b5 73. axb5 axb5 74. cxb5 Kc7 75. Kd3 Kb6 76. Kc4 Kc7 77. Bf4+ Kc8 78. d6 Kd8
79. b6 Kc8 80. Kb5 Kb7 81. d7 Ka8 82. d8=Q+ Kb7 83. Qb8# {brutus checkmated}
1-0

[Event "ICS rated blitz match"]
[Site "204.178.125.65"]
[Date "1999.09.25"]
[Round "?"]
[White "Hossa"]
[Black "brutus"]
[Result "1-0"]
[WhiteElo "2450"]
[BlackElo "2194"]
[PlyCount "139"]
[EventDate "1999.??.??"]

1. d4 Nf6 2. Nf3 g6 3. Nc3 d5 4. Bf4 Bg7 5. e3 O-O 6. Bd3 Bg4 7. O-O c6 8. Rc1
Nbd7 9. Be2 b5 10. Ne5 Bxe2 11. Qxe2 Nxe5 12. Bxe5 Nd7 13. Bxg7 Kxg7 14. a4 a6
15. e4 e6 16. Qe3 Nf6 17. f3 Re8 18. Rcd1 Ra7 19. Qf4 Ng8 20. axb5 axb5 21. Ra1
Qa8 22. Rab1 Qb8 23. Qe3 Qb6 24. exd5 b4 25. Ne2 cxd5 26. Qb3 Rb8 27. c3 bxc3
28. Qxb6 Rxb6 29. Nxc3 Rab7 30. Rf2 Ne7 31. Rd2 Nf5 32. g4 Ne3 33. Rf2 Nc4 34.
Nd1 Rb3 35. Kg2 Rd3 36. Kf1 Rdb3 37. Kg2 Rd3 38. Kf1 Nd2+ 39. Ke2 Rxd4 40. Ke3
Rbb4 41. Rxd2 Rxd2 42. Kxd2 f5 43. Ne3 Kf6 44. gxf5 gxf5 45. Kd3 Rb3+ 46. Ke2
d4 47. Nc4 e5 48. h4 e4 49. Rd1 Rxf3 50. Rxd4 Rh3 51. Rd6+ Ke7 52. Rh6 f4 53.
Kd2 Rh2+ 54. Kc3 f3 55. Kd4 f2 56. Ne3 Rh3 57. Rxh7+ Kf8 58. Rh5 Rxe3 59. Rf5+
Kg7 60. Kxe3 f1=Q 61. Rxf1 Kg6 62. Rf7 Kh5 63. Rg7 Kxh4 64. Kxe4 Kh5 65. Rg8
Kh6 66. Kf5 Kh7 67. Rg6 Kh8 68. Kf6 Kh7 69. Kf7 Kh8 70. Rh6# {brutus checkmated
} 1-0

[Event "ICS rated blitz match"]
[Site "204.178.125.65"]
[Date "1999.09.27"]
[Round "?"]
[White "Hossa"]
[Black "brutus"]
[Result "1-0"]
[WhiteElo "2482"]
[BlackElo "2188"]
[PlyCount "139"]
[EventDate "1999.??.??"]

1. d4 Nf6 2. c4 g6 3. Nc3 d5 4. Nf3 Bg7 5. cxd5 Nxd5 6. e4 Nxc3 7. bxc3 O-O 8.
Ba3 b6 9. Bc4 Bb7 10. O-O Nd7 11. Bd3 c5 12. Re1 Qc7 13. Rb1 e6 14. Qd2 Rfd8
15. Rec1 Rac8 16. Qg5 Nf6 17. Nd2 cxd4 18. cxd4 Qd7 19. Bb2 Rxc1+ 20. Rxc1 Rc8
21. Rxc8+ Qxc8 22. f3 Ba6 23. Qe3 Bxd3 24. Qxd3 Ne8 25. Nc4 Qc6 26. Ne3 Nd6 27.
d5 exd5 28. exd5 Qc5 29. Ba3 Qc7 30. Bxd6 Qxd6 31. Kh1 Bf8 32. g3 Qa3 33. Qxa3
Bxa3 34. Nc4 Bc5 35. Ne5 Kf8 36. Nc6 a6 37. h4 a5 38. Kg2 Ke8 39. Na7 Kd7 40.
Nb5 f5 41. a4 Ke7 42. f4 Kf6 43. Kf3 h6 44. Kg2 g5 45. fxg5+ hxg5 46. hxg5+
Kxg5 47. Kf3 Kf6 48. Kf4 Bb4 49. d6 Bd2+ 50. Kf3 Ke6 51. d7 Kxd7 52. Nd4 f4 53.
gxf4 Kd6 54. f5 Bg5 55. Ke4 Kc5 56. Ne6+ Kd6 57. Nxg5 b5 58. axb5 a4 59. Kd4 a3
60. Kc3 Ke5 61. Kb3 Kxf5 62. b6 Kxg5 63. Kxa3 Kf6 64. b7 Ke5 65. b8=Q+ Ke4 66.
Qc8 Kd5 67. Qf5+ Kd6 68. Kb4 Kc6 69. Qd3 Kc7 70. Kc5 {brutus resigns} 1-0

[Event "ICS rated blitz match"]
[Site "204.178.125.65"]
[Date "1999.09.04"]
[Round "?"]
[White "Hossa"]
[Black "brutus"]
[Result "1-0"]
[WhiteElo "2498"]
[BlackElo "2074"]
[PlyCount "34"]
[EventDate "1999.??.??"]

1. e4 e6 2. d4 d5 3. Nc3 Nf6 4. e5 Nfd7 5. f4 c5 6. Nf3 Nc6 7. Bb5 a6 8. Bxc6
bxc6 9. O-O g6 10. Be3 cxd4 11. Qxd4 c5 12. Qa4 d4 13. Ne4 dxe3 14. Nf6+ Ke7
15. Qc6 Nxf6 16. exf6+ Kxf6 17. Qxa8 17... Qb6 {brutus resigns} 1-0

[Event "ICS rated blitz match"]
[Site "204.178.125.65"]
[Date "1999.08.31"]
[Round "?"]
[White "Hossa"]
[Black "brutus"]
[Result "1-0"]
[WhiteElo "2524"]
[BlackElo "2082"]
[PlyCount "49"]
[EventDate "1999.??.??"]

1. d4 Nf6 2. c4 g6 3. Nc3 d5 4. cxd5 Nxd5 5. e4 Nxc3 6. bxc3 Bg7 7. Bb5+ c6 8.
Bc4 b5 9. Bb3 a6 10. Ne2 Bb7 11. O-O O-O 12. Bg5 Nd7 13. f3 c5 14. Qd2 cxd4 15.
cxd4 Nb6 16. Bh6 Rc8 17. Bxg7 Kxg7 18. Rac1 Qd7 19. Qf4 e6 20. Qe5+ Kg8 21. Nf4
Rxc1 22. Rxc1 Rc8 23. Nxe6 Rxc1+ 24. Kf2 f6 25. Qxf6 {brutus resigns} 1-0

[Event "ICS rated blitz match"]
[Site "204.178.125.65"]
[Date "1999.09.30"]
[Round "?"]
[White "Hossa"]
[Black "brutus"]
[Result "1-0"]
[WhiteElo "2496"]
[BlackElo "2208"]
[Annotator "Fritz 5.32 (20s)"]
[PlyCount "53"]
[EventDate "1999.??.??"]

1. d4 Nf6 2. c4 g6 3. Nc3 d5 4. Qb3 dxc4 5. Qxc4 Bg7 6. e4 O-O 7. Nf3 b6 8. Bf4
(8. e5 Be6 9. exf6 Bxc4 10. fxg7 Kxg7 11. Bxc4 c6 12. O-O f6 13. Bf4 b5 14. Bb3
Qb6 15. Rfe1 Qb7 16. Re6 Na6 17. d5 Nb4 18. Rae1 Rf7 19. dxc6 Nxc6 20. Bd5 Rc8
21. Nd4 Nxd4 22. Bxb7 Nxe6 23. Bxc8 Nxf4 24. Be6 Rf8 25. Nxb5 Rb8 26. Bc4 a6
27. Rxe7+ Kh6 28. Nd6 Rxb2 29. h4 Rd2 30. Ne8 {
1-0 Ree,H-Clua Ballague,M/Skopje 1972/MCD (30)}) 8... c5 (8... c6 9. Qb3 e6 10.
Rd1 Qe7 11. Be2 Rd8 12. O-O Bb7 13. e5 Nd5 14. Nxd5 cxd5 15. Bg5 f6 16. exf6
Bxf6 17. Qe3 Nd7 18. Bb5 Rac8 19. Rfe1 Nf8 20. Bxf6 Qxf6 21. Ng5 a6 22. Ba4 b5
23. Bb3 Rc6 24. Rc1 Rdc8 25. Rxc6 Rxc6 26. h4 Bc8 27. Nf3 Rc7 28. Rc1 Qd8 29.
Ne5 Nd7 30. Nc6 Rxc6 31. Rxc6 Nb6 32. Qe5 {
1-0 Tolstrup,T-Hansen,J/Copenhagen 1998/CBM 65 ext (32)}) 9. dxc5 9... Be6 $16
(9... Ba6 10. Qa4 Bxf1 11. Rxf1 bxc5 12. Rd1 $14) 10. Qa4 $14 (10. Qb4 bxc5 11.
Qxc5 11... Nbd7 $16) 10... bxc5 11. Rd1 Qb6 12. Bb5 $15 (12. Rd2 $5 $11) 12...
a6 13. Bd3 13... Nc6 $11 (13... Qxb2 $5 14. Bd2 14... Bh6 $17) 14. Rd2 Rfd8 15.
O-O 15... Nb4 $11 (15... Bg4 16. Ne1 $15) 16. Bb1 Rxd2 17. Bxd2 Rd8 18. Rd1 Nd3
(18... Bd7 19. Qb3 $11) 19. Bxd3 Rxd3 20. Qc2 Rd8 21. Ng5 $15 (21. b3 21... Bg4
$11) 21... Bc4 22. Bc1 22... e6 {Sichert d5} 23. b3 Bb5 24. Be3 Rxd1+ 25. Qxd1
25... Nd7 $14 (25... h6 $5 26. Nf3 Ng4 27. Nxb5 27... Nxe3 $15) 26. Nxb5 26...
axb5 $4 $18 (26... Qxb5 $142 {bringt noch Rettung} 27. Nf3 27... h6 $14) 27.
Qxd7 (27. Qxd7 Qb8 28. Bxc5 $18) 1-0

[Event "ICS rated blitz match"]
[Site "204.178.125.65"]
[Date "1999.09.24"]
[Round "?"]
[White "Hossa"]
[Black "brutus"]
[Result "1/2-1/2"]
[WhiteElo "2459"]
[BlackElo "2128"]
[PlyCount "109"]
[EventDate "1999.??.??"]

1. e4 e6 2. d4 d5 3. e5 c5 4. c3 Bd7 5. Nd2 Qb6 6. Ne2 cxd4 7. cxd4 Bb5 8. Nb3
Nc6 9. Be3 Nge7 10. Nc3 Bxf1 11. Kxf1 Nf5 12. Rc1 Be7 13. Qd3 O-O 14. Nxd5 exd5
15. Qxf5 Qa6+ 16. Kg1 Qxa2 17. Qc2 Nb4 18. Qc3 Rfc8 19. Nc5 a5 20. Qa3 b6 21.
Nb3 Rxc1+ 22. Nxc1 Qxa3 23. bxa3 Nc2 24. a4 Rc8 25. Ne2 Rc4 26. g4 Nxe3 27.
fxe3 Rxa4 28. Nc3 Ra1+ 29. Kg2 Rxh1 30. Kxh1 Bb4 31. Nxd5 Bd2 32. Nxb6 Bxe3 33.
Nc4 Bxd4 34. Nxa5 Bxe5 35. Nc6 Bd6 36. Kg2 f6 37. h3 Kf7 38. Kf3 Ke6 39. Ke4 g6
40. Nd4+ Kf7 41. Kd5 Bg3 42. Ne2 Bf2 43. Nf4 Be3 44. Nd3 Bd2 45. Ke4 h5 46. Nc5
Bb4 47. Nd3 Ba3 48. Nf4 hxg4 49. hxg4 Bc1 50. Nd5 Ke6 51. Nc7+ Kd7 52. Nd5 Bb2
53. Nf4 f5+ 54. gxf5 gxf5+ 55. Kxf5 {
Game drawn because neither player has mating material} 1/2-1/2

[Event "ICS rated blitz match"]
[Site "204.178.125.65"]
[Date "1999.09.24"]
[Round "?"]
[White "Hossa"]
[Black "brutus"]
[Result "1-0"]
[WhiteElo "2450"]
[BlackElo "2137"]
[PlyCount "109"]
[EventDate "1999.??.??"]

1. e4 e6 2. d4 d5 3. e5 c5 4. c3 Bd7 5. Nd2 Qb6 6. Ne2 cxd4 7. cxd4 Bb5 8. Nb3
Nc6 9. Be3 Nge7 10. Nc3 Bxf1 11. Kxf1 Nf5 12. Rc1 Be7 13. Qd3 O-O 14. Nxd5 exd5
15. Qxf5 Qa6+ 16. Kg1 Qxa2 17. Nd2 Bb4 18. Qb1 Qxb1 19. Nxb1 Rfc8 20. h3 Na5
21. Kh2 Nb3 22. Rxc8+ Rxc8 23. Na3 Bxa3 24. bxa3 a5 25. Rb1 a4 26. Rb2 Rc4 27.
f4 b5 28. f5 Kf8 29. f6 gxf6 30. exf6 Rc3 31. Re2 h5 32. Bh6+ Kg8 33. Re5 Nxd4
34. Rxh5 Ne6 35. Rxd5 Rxa3 36. Rxb5 Rb3 37. Ra5 a3 38. Bc1 Kh7 39. Bxa3 Kg6 40.
Be7 Nf4 41. h4 Rb2 42. Rg5+ Kh7 43. Bd6 Ne6 44. Rd5 Rb3 45. h5 Rb1 46. g4 Rf1
47. g5 Rf3 48. Kg2 Rb3 49. Ra5 Rb2+ 50. Kh3 Rb3+ 51. Kh4 Rb2 52. Ra7 Kg8 53. g6
fxg6 54. f7+ Kg7 55. f8=Q# {brutus checkmated} 1-0

[Event "ICS rated blitz match"]
[Site "204.178.125.65"]
[Date "1999.09.28"]
[Round "?"]
[White "Hossa"]
[Black "brutus"]
[Result "1-0"]
[WhiteElo "2481"]
[BlackElo "2196"]
[PlyCount "67"]
[EventDate "1999.??.??"]

1. d4 Nf6 2. c4 g6 3. Nc3 d5 4. Nf3 Bg7 5. cxd5 Nxd5 6. e4 Nxc3 7. bxc3 O-O 8.
Ba3 b6 9. Bc4 Bb7 10. O-O Nd7 11. Bd3 c5 12. Re1 e6 13. Qa4 Qc7 14. Rac1 Rfc8
15. Kh1 Nf6 16. Ne5 Rd8 17. Qb5 Nd7 18. f4 a6 19. Qb1 f6 20. Nxd7 Rxd7 21. Bc4
Re7 22. f5 Bc8 23. Qb3 Qd6 24. Rcd1 Qf4 25. fxg6 hxg6 26. Qxb6 Kh7 27. Bxc5 Re8
28. Qc6 Bb7 29. Qxb7 Rab8 30. Qxa6 Rb2 31. Bxe6 Rh8 32. Ba3 Rf2 33. Bd6 Qg4 34.
Bxg4 {brutus resigns} 1-0

[Event "ICS rated blitz match"]
[Site "204.178.125.65"]
[Date "1999.09.28"]
[Round "?"]
[White "Hossa"]
[Black "brutus"]
[Result "1-0"]
[WhiteElo "2491"]
[BlackElo "2186"]
[PlyCount "88"]
[EventDate "1999.??.??"]

1. d4 Nf6 2. c4 g6 3. Nc3 d5 4. Nf3 Bg7 5. cxd5 Nxd5 6. e4 Nxc3 7. bxc3 O-O 8.
Ba3 b6 9. Bc4 Bb7 10. O-O Nd7 11. Bd3 c5 12. Re1 Qc7 13. Rb1 Rac8 14. Qe2 e5
15. d5 Qd6 16. Ba6 Qc7 17. Bxb7 Qxb7 18. c4 Qc7 19. Red1 Qd6 20. Qe3 Nf6 21.
Rd2 Ne8 22. Kh1 Qd7 23. Rdd1 Nd6 24. Nd2 f5 25. f3 f4 26. Qe2 Kh8 27. Rbc1 g5
28. Kg1 Rf6 29. Qf2 Rg8 30. Bb2 Rg6 31. Re1 Bf6 32. Kh1 g4 33. fxg4 Rxg4 34.
Rg1 Qg7 35. Qe2 Qg6 36. Rcf1 Qh5 37. Rxf4 Rxg2 38. Rxg2 Qxe2 39. Rxe2 Bg7 40.
Rg4 Re8 41. Reg2 Bf6 42. Rf2 Bg7 43. a4 Re7 44. Rfg2 44... Kg8 {brutus resigns}
1-0

[Event "ICS rated blitz match"]
[Site "204.178.125.65"]
[Date "1999.09.03"]
[Round "?"]
[White "Hossa"]
[Black "brutus"]
[Result "1-0"]
[WhiteElo "2562"]
[BlackElo "2090"]
[PlyCount "89"]
[EventDate "1999.??.??"]

1. e4 e6 2. d4 d5 3. Nc3 Nf6 4. e5 Nfd7 5. f4 c5 6. Nf3 Nc6 7. Bb5 a6 8. Bxc6
bxc6 9. O-O cxd4 10. Nxd4 c5 11. Nf3 Bb7 12. b3 g6 13. Ba3 Be7 14. Qe2 O-O 15.
Rae1 Qa5 16. Nb1 Bc6 17. c4 d4 18. Nxd4 Bb7 19. Rd1 Rfd8 20. Rd3 Bf8 21. Nf3
Qc7 22. Rfd1 Nb6 23. Ng5 Rxd3 24. Rxd3 h6 25. Ne4 Be7 26. Nbc3 Rd8 27. Rxd8+
Qxd8 28. Bxc5 Bxc5+ 29. Nxc5 Qd4+ 30. Qf2 Qxc3 31. Nxb7 Qa1+ 32. Qf1 Qxa2 33.
Qd1 Qa3 34. Qd8+ Kg7 35. Qxb6 Qc1+ 36. Kf2 Qxf4+ 37. Ke2 Qxe5+ 38. Kd3 Qxh2 39.
Qf2 Qc7 40. Nc5 Qd6+ 41. Qd4+ Qxd4+ 42. Kxd4 h5 43. b4 Kf6 44. Nxa6 g5 45. b5 {
brutus resigns} 1-0

[Event "ICS rated blitz match"]
[Site "204.178.125.65"]
[Date "1999.09.27"]
[Round "?"]
[White "Hossa"]
[Black "brutus"]
[Result "1-0"]
[WhiteElo "2460"]
[BlackElo "2210"]
[PlyCount "99"]
[EventDate "1999.??.??"]

1. d4 Nf6 2. c4 g6 3. Nc3 d5 4. Nf3 Bg7 5. cxd5 Nxd5 6. e4 Nxc3 7. bxc3 O-O 8.
Ba3 b6 9. Bc4 Bb7 10. O-O Nd7 11. Bd3 c5 12. Re1 Qc7 13. Rb1 e6 14. Qd2 Rac8
15. Rbc1 Rfd8 16. Qe3 Nf6 17. Qg5 cxd4 18. cxd4 Qd7 19. Bb5 Rxc1 20. Bxd7 Rxe1+
21. Nxe1 Rxd7 22. Qf4 h6 23. f3 Ba6 24. Qb8+ Kh7 25. Bd6 Bc4 26. Qc8 Rxd6 27.
Qxc4 Rd7 28. Nc2 Bf8 29. a4 Be7 30. g4 Kg7 31. Qc6 Rd6 32. Qc3 Ne8 33. Qc8 Rd8
34. Qb7 Kf8 35. Qxa7 Rc8 36. Ne3 Bd8 37. d5 Ng7 38. Qd7 Ra8 39. d6 Ne8 40. e5
Bg5 41. Nc4 b5 42. Qxb5 Bf4 43. d7 Nc7 44. Qc5+ Kg7 45. Qxc7 Rxa4 46. d8=Q Ra1+
47. Kf2 Ra2+ 48. Kf1 Ra1+ 49. Ke2 Ra2+ 50. Kd3 {brutus resigns} 1-0

[Event "ICS rated blitz match"]
[Site "204.178.125.65"]
[Date "1999.09.30"]
[Round "?"]
[White "Hossa"]
[Black "brutus"]
[Result "1/2-1/2"]
[WhiteElo "2506"]
[BlackElo "2198"]
[Annotator "Fritz 5.32 (20s)"]
[PlyCount "207"]
[EventDate "1999.??.??"]

1. d4 Nf6 2. c4 g6 3. Nc3 d5 4. Qb3 dxc4 5. Qxc4 Bg7 6. e4 O-O 7. Nf3 b6 8. Bf4
(8. e5 Be6 9. exf6 Bxc4 10. fxg7 Kxg7 11. Bxc4 c6 12. O-O f6 13. Bf4 b5 14. Bb3
Qb6 15. Rfe1 Qb7 16. Re6 Na6 17. d5 Nb4 18. Rae1 Rf7 19. dxc6 Nxc6 20. Bd5 Rc8
21. Nd4 Nxd4 22. Bxb7 Nxe6 23. Bxc8 Nxf4 24. Be6 Rf8 25. Nxb5 Rb8 26. Bc4 a6
27. Rxe7+ Kh6 28. Nd6 Rxb2 29. h4 Rd2 30. Ne8 {
1-0 Ree,H-Clua Ballague,M/Skopje 1972/MCD (30)}) 8... c5 (8... c6 9. Qb3 e6 10.
Rd1 Qe7 11. Be2 Rd8 12. O-O Bb7 13. e5 Nd5 14. Nxd5 cxd5 15. Bg5 f6 16. exf6
Bxf6 17. Qe3 Nd7 18. Bb5 Rac8 19. Rfe1 Nf8 20. Bxf6 Qxf6 21. Ng5 a6 22. Ba4 b5
23. Bb3 Rc6 24. Rc1 Rdc8 25. Rxc6 Rxc6 26. h4 Bc8 27. Nf3 Rc7 28. Rc1 Qd8 29.
Ne5 Nd7 30. Nc6 Rxc6 31. Rxc6 Nb6 32. Qe5 {
1-0 Tolstrup,T-Hansen,J/Copenhagen 1998/CBM 65 ext (32)}) 9. dxc5 9... Be6 $16
(9... Ba6 10. Qa4 Bxf1 11. Rxf1 bxc5 12. Rd1 $14) 10. Qd3 $14 (10. Qb4 bxc5 11.
Qxc5 11... Nbd7 $16) 10... bxc5 11. Qxd8 Rxd8 12. Be2 $15 (12. Ng5 12... Bc8
$11) 12... Nc6 13. O-O (13. Ng5 Nd4 14. Nxe6 14... Nxe6 $11) 13... Nd4 {
Laesst den Springer von der Leine} 14. Bd1 Nh5 15. Bg5 Kf8 16. Rc1 h6 17. Be3
Rab8 18. b3 {Kontrolliert c4} 18... Nf6 19. Re1 19... Ng4 $14 (19... Rbc8 20.
Na4 Nd7 21. h3 $11) 20. Na4 $11 (20. Bf4 $5 {ist vielleicht staerker} 20...
Nxf3+ 21. Bxf3 $14) 20... Nxf3+ (20... Nxe3 21. Rxe3 c4 22. Nc5 $11) 21. gxf3 (
21. Bxf3 Nxe3 22. Nxc5 Bb2 23. Nxe6+ 23... fxe6 $11) 21... Nxe3 22. fxe3 {
Ueberdeckt d4} 22... c4 23. bxc4 23... Rd2 $14 (23... Rbc8 24. Bb3 $11) 24. Bb3
g5 (24... Rbd8 25. Nc5 $14) 25. Rcd1 Rbd8 26. Rxd2 {Mit der Mattdrohung Rxd8}
26... Rxd2 27. Nc5 27... Bc8 $14 (27... Bh3 $5 $11 {muss geprueft werden}) 28.
Rd1 Rxd1+ 29. Bxd1 Be5 30. Ba4 Bd6 31. Nd7+ $11 (31. Nd3 $5 $14) 31... Bxd7 32.
Bxd7 e5 33. Kf2 Ke7 34. Bg4 Bc5 35. Ke2 f6 36. Kd3 Kd6 37. Bf5 Ke7 38. Bg6 Kd6
39. Bf7 Ke7 40. Bh5 Kd6 41. Bg6 Ke7 42. Bf5 (42. Bh5 42... a5 $11) 42... Kd6 (
42... a5 43. a4 $11) 43. Kd2 Ke7 44. Ke2 Kd6 45. h3 Ke7 46. Kd3 46... Kd6 $11 (
46... a6 47. a4 $15) 47. Bg6 (47. Ke2 47... Ba3 $11) 47... Ke7 (47... a5 48. a4
$11) 48. a4 $15 (48. Bf5 48... h5 $15) 48... Kd6 49. Bf5 Ke7 (49... h5 50. h4
$15) 50. a5 $15 (50. Bg6 50... a6 $15) 50... Kd6 51. Bg4 51... Ke7 $11 (51...
a6 52. Kc3 $15) 52. Bc8 (52. Bf5 52... h5 $15) 52... Kd6 (52... Kd8 53. Be6 $15
) 53. a6 Ke7 54. Kd2 Kd6 55. Bb7 Ke7 56. Kd3 $15 (56. Bc8 56... h5 $11) 56...
Kd6 $11 (56... h5 57. Bc8 $15) 57. Ba8 Ke7 58. Bc6 $15 (58. Bb7 58... Kd7 $15)
58... Kd6 $11 (58... h5 59. Bd5 $15) 59. Bb7 (59. Ba8 59... h5 $11) 59... Ke7 (
59... h5 60. Bd5 $11) 60. Bc8 $15 (60. Bc6 60... h5 $15) 60... Kd6 $11 (60...
h5 61. h4 $15) 61. Kd2 Ke7 62. Bf5 Kd6 63. Ke2 Ke7 64. Bg6 Kd6 65. Bf7 Ke7 66.
Bg8 Kd6 67. Bd5 Ke7 68. Kd2 $15 (68. Bg8 68... h5 $11) 68... Kd6 $11 (68... h5
69. Bg8 $15) 69. Ba8 Ke7 70. Bc6 $15 (70. Bd5 70... h5 $15) 70... Kd6 $11 (
70... h5 71. Ke2 $15) 71. Bd5 Ke7 72. Ke2 (72. Bc6 72... h5 $15) 72... Kd6 (
72... Kd7 73. f4 $11) 73. Ba8 Ke7 74. Bb7 Kd6 75. Bc8 Ke7 76. Bf5 (76. h4 gxh4
77. f4 77... h5 $11) 76... Kd6 (76... Kd8 77. h4 $15) 77. Bg4 Ke7 78. Kd2 Kd6
79. Kd3 Ke7 (79... Kc6 80. Bf5 $15) 80. Bh5 $15 (80. Bc8 80... h5 $11) 80...
Kd6 $11 (80... Kd7 81. Bg4+ Kc6 82. Ke2 $15) 81. Bf7 (81. Bg4 81... Kc7 $15)
81... Ke7 (81... Kc6 82. Be6 $15) 82. Bg6 $15 (82. Bh5 82... Kd7 $15) 82... Kd6
$11 (82... Kd7 83. Bf5+ Kc7 84. Bg4 $15) 83. Ke2 Ke7 84. Kf2 Kd6 85. Bf7 Ke7
86. Bg8 Kd6 87. Ke2 Ke7 88. Kd3 $15 (88. Bd5 88... Kd7 $11) 88... Kd6 $11 (
88... h5 89. Bd5 $15) 89. Bh7 Ke7 90. Ke2 Kd6 91. Kf2 Ke7 92. Bf5 Kd6 (92... h5
93. h4 $11) 93. Bc8 Ke7 94. Bg4 Kd6 95. Bh5 Ke7 96. Ke2 Kd6 97. Be8 Ke7 98. Bc6
(98. Bg6 98... Kd7 $11) 98... Kd6 (98... h5 99. f4 $11) 99. Bb7 Ke7 100. Bc8
Kd6 101. Kd1 Ke7 102. Bf5 (102. Kd2 102... h5 $11) 102... Kd6 103. Ke1 Ke7 104.
Ke2 1/2-1/2

[Event "ICS rated blitz match"]
[Site "204.178.125.65"]
[Date "1999.09.09"]
[Round "?"]
[White "Hossa"]
[Black "brutus"]
[Result "1-0"]
[WhiteElo "2459"]
[BlackElo "2078"]
[PlyCount "113"]
[EventDate "1999.??.??"]

1. c4 Nf6 2. g3 g6 3. Bg2 Bg7 4. e4 d6 5. Ne2 e5 6. d3 O-O 7. O-O Nc6 8. Bg5 h6
9. Bxf6 Qxf6 10. f4 exf4 11. Nbc3 Nd4 12. Nxf4 c6 13. Nh5 Qe5 14. Nxg7 Kxg7 15.
Qd2 Be6 16. Rae1 Rae8 17. Kh1 Bg4 18. b3 Qe7 19. Kg1 Qe5 20. b4 Be6 21. a4 Bg4
22. a5 Bd7 23. Kh1 Bg4 24. Qc1 Bd7 25. Kg1 Bg4 26. a6 b6 27. Qd2 Be6 28. Rf2
Re7 29. Ref1 Ree8 30. Qc1 Bc8 31. Kh1 Be6 32. Rf4 Bc8 33. Qe1 Be6 34. Qf2 Re7
35. Nd1 c5 36. Qd2 Ree8 37. b5 Re7 38. Nf2 Ree8 39. Rh4 Rh8 40. Ng4 Bxg4 41.
Rxg4 Rhf8 42. Rh4 Qg5 43. Qf2 Re7 44. Rg4 Qe5 45. Rf4 Ne6 46. Rf6 Qd4 47. Qxd4
cxd4 48. h4 h5 49. R1f3 Rc7 50. Rf2 Rd7 51. Kh2 Nc5 52. Bf1 Ne6 53. Bh3 Re8 54.
Kg2 Rdd8 55. Rxf7+ Kh6 56. Bxe6 Rxe6 57. Rxa7 {brutus resigns} 1-0